Pohľadávky ako významná súčasť obežného majetku bakalárska práca

Guardado en:
Detalles Bibliográficos
Autor principal: Malinková, Laura
Autor Corporativo: Fakulta hospodárskej informatiky EU. Katedra účtovníctva a audítorstva
Otros Autores: Kňažková, Veronika, 1986-
Formato: Libro
Lenguaje:eslovaco
Publicado: Bratislava 2019
Etiquetas: Agregar Etiqueta
Sin Etiquetas, Sea el primero en etiquetar este registro!

MARC

LEADER 00000nbm a2200000 4500
001 0257909
005 20191219121400.0
041 0 |a slo 
044 |a SK 
245 1 0 |a Pohľadávky ako významná súčasť obežného majetku  |b bakalárska práca  |c Laura Malinková ; školiteľ: Veronika Kňažková 
264 1 |a Bratislava  |c 2019 
300 |a 53 s. 
100 1 |a Malinková, Laura 
700 1 |a Kňažková, Veronika, 1986- 
710 2 |a Fakulta hospodárskej informatiky EU. Katedra účtovníctva a audítorstva